00428pab a2200145 454500008004000000100002200040245007900062260000900141300001300150362001100163650003600174650004000210650001700250773001500267180718b2005 xxu||||| |||| 00| 0 eng d aSubramanian, K.S. aBoy orderlies of Chhattisgarh: a violation of the human rights of children c2005 ap.21-22. a26 Nov aChildren - India - Chhattisgarh aHuman rights - India - Chhattisgarh aHuman rights aMainstream